000 00416nam a22001697a 4500
005 20160702102655.0
008 160702b xxu||||| |||| 00| 0 eng d
020 _a978-81-265-0962-1
041 _aeng
082 _b20906
100 _aSilberschetz, Abraham and others
_93455
245 _aOperating System Principles
260 _bWilly
300 _a862
650 _aInformation Technolocy
_93446
942 _cBK
999 _c5157
_d5155